[Event "Vancouver Open"]
[Site "Chess.com"]
[Date "2020.07.25"]
[Round "?"]
[White "Lenderman, Aleksandr"]
[Black "Lu, Ryan"]
[Result "1-0"]
[WhiteElo "2717"]
[BlackElo "1948"]
[PlyCount "67"]
[EventDate "2020.??.??"]

1. Nf3 d5 2. e3 Nf6 3. c4 e6 4. Nc3 Be7 5. b3 O-O 6. Bb2 c5 7. cxd5 exd5 8. d4
Nc6 9. Be2 Be6 10. O-O Rc8 11. dxc5 Bxc5 12. Rc1 Qe7 13. Nb5 Ne4 14. Nbd4 Nxd4
15. Nxd4 a6 16. Bd3 Rfd8 17. Rc2 Nf6 18. Qb1 Bd6 19. Rxc8 Bxc8 20. Qc2 h6 21.
Rc1 Bg4 22. Bf5 Ba3 23. Bxg4 Bxb2 24. Qxb2 Nxg4 25. h3 Nf6 26. Qc3 Ne4 27. Qc7
Qd7 28. Qxd7 Rxd7 29. f3 Nf6 30. Rc8+ Kh7 31. g4 Kg6 32. h4 Nh7 33. Rh8 Nf6 34.
Ne2 1-0

[Event "Vancouver Open"]
[Site "Chess.com"]
[Date "2020.07.26"]
[Round "?"]
[White "Lenderman, Aleksandr"]
[Black "Martinez Alcantara, Jose"]
[Result "1/2-1/2"]
[WhiteElo "2717"]
[BlackElo "2692"]
[PlyCount "64"]
[EventDate "2020.??.??"]

1. d4 Nf6 2. c4 e6 3. Nc3 Bb4 4. Qc2 d6 5. Nf3 Nbd7 6. g3 b6 7. Bg2 Bb7 8. O-O
O-O 9. Nd1 c5 10. a3 Ba5 11. Qa4 Rc8 12. b4 cxb4 13. axb4 Rxc4 14. Ba3 Nd5 15.
Qb3 Rxb4 16. Bxb4 Nxb4 17. Ne3 d5 18. Rfc1 Nc6 19. Qa4 Qa8 20. Rc2 Rc8 21. Rac1
a6 22. Bh3 Nf6 23. Ne5 b5 24. Qa1 Bb6 25. Nxc6 Rxc6 26. Rxc6 Bxc6 27. Nc2 a5
28. Nb4 Be8 29. Nd3 g6 30. e3 Qb8 31. Qc3 Kg7 32. Qc8 Qa7 1/2-1/2

[Event "Vancouver Open"]
[Site "Chess.com"]
[Date "2020.07.25"]
[Round "?"]
[White "Li, David"]
[Black "Rodriguez, Odysseus"]
[Result "0-1"]
[WhiteElo "1344"]
[BlackElo "1499"]
[PlyCount "108"]
[EventDate "2020.??.??"]

1. e4 c6 2. d4 d5 3. e5 Bf5 4. Bd3 Bxd3 5. Qxd3 e6 6. Nf3 Qa5+ 7. c3 Qa6 8.
Qxa6 Nxa6 9. O-O Ne7 10. Na3 Ng6 11. Nc2 c5 12. Bd2 Be7 13. Bg5 f6 14. exf6
gxf6 15. Bf4 Nxf4 16. Rfe1 Kd7 17. g3 Rhg8 18. Kf1 Nd3 19. Re2 c4 20. b3 b5 21.
Nce1 Nxe1 22. Raxe1 Nc7 23. Ng1 Rab8 24. b4 Rge8 25. Nh3 Bf8 26. Nf4 Bg7 27.
Nh5 Bh8 28. f4 Rb6 29. g4 e5 30. fxe5 fxe5 31. dxe5 Rbe6 32. Rf2 Rxe5 33. Rxe5
Bxe5 34. Nf6+ Bxf6 35. Rxf6 Ne6 36. h3 Rf8 37. Rxf8 Nxf8 38. Ke2 Ke6 39. Ke3
Ke5 40. h4 Ng6 41. h5 Nf4 42. Kf3 h6 43. Ke3 Ne6 44. Kf3 d4 45. cxd4+ Kxd4 46.
g5 Nxg5+ 47. Kg4 c3 48. Kf5 c2 49. Kg6 c1=Q 50. a4 Qc6+ 51. Kg7 Ke5 52. Kh8
Qf6+ 53. Kg8 Qf7+ 54. Kh8 Qh7# 0-1

[Event "Vancouver Open"]
[Site "Chess.com"]
[Date "2020.07.25"]
[Round "?"]
[White "Li, David"]
[Black "Yadav, Arjun"]
[Result "1-0"]
[WhiteElo "1344"]
[BlackElo "553"]
[PlyCount "133"]
[EventDate "2020.??.??"]

1. e4 c5 2. Nf3 d6 3. d4 cxd4 4. Nxd4 Nf6 5. f3 Nc6 6. c4 e6 7. Nc3 Be7 8. Be3
Bd7 9. Qd2 Qc7 10. Ndb5 Qa5 11. Nxd6+ Bxd6 12. Qxd6 O-O-O 13. Qc5 Qxc5 14. Bxc5
e5 15. O-O-O Be6 16. Be2 Nd7 17. Be3 b6 18. Rd2 Nc5 19. Bxc5 Rxd2 20. Kxd2 bxc5
21. Rd1 Nd4 22. Bf1 Rd8 23. Kc1 f5 24. exf5 Bxf5 25. Ne2 Kc7 26. Nxd4 exd4 27.
Bd3 Bxd3 28. Rxd3 Kd6 29. a3 Ke5 30. b4 Kd6 31. Kc2 Kc6 32. Kb3 Kb6 33. Ka4 Re8
34. Rd2 Re3 35. h3 Re1 36. Kb3 Re3+ 37. Kb2 a5 38. Ka2 d3 39. Kb3 axb4 40. axb4
Kc6 41. bxc5 Kxc5 42. Kc3 g6 43. Rxd3 Rxd3+ 44. Kxd3 Kd6 45. Kd4 h6 46. c5+ Kc6
47. Ke5 Kxc5 48. Kf6 Kd4 49. Kxg6 Ke3 50. Kxh6 Kf2 51. f4 Kxg2 52. f5 Kg3 53.
f6 Kf4 54. f7 Kf5 55. f8=Q+ Ke6 56. Kg7 Ke5 57. h4 Ke4 58. h5 Ke5 59. h6 Kd5
60. h7 Kd4 61. h8=Q Ke4 62. Qf7 Ke5 63. Qhe8+ Kd4 64. Qfd7+ Kc5 65. Qec8+ Kb6
66. Qdb7+ Ka5 67. Qca8# 1-0

[Event "Vancouver Open"]
[Site "Chess.com"]
[Date "2020.07.26"]
[Round "?"]
[White "Lu, Ryan"]
[Black "Gottumukkala, Anath"]
[Result "1/2-1/2"]
[WhiteElo "1948"]
[BlackElo "1785"]
[PlyCount "102"]
[EventDate "2020.??.??"]

1. e4 d6 2. d4 Nf6 3. Nc3 g6 4. Bc4 Bg7 5. Qe2 Nc6 6. Nf3 Bg4 7. Be3 O-O 8. O-O
e5 9. d5 Nd4 10. Bxd4 exd4 11. Nb5 Re8 12. Nbxd4 Nxe4 13. Ne6 fxe6 14. Qxe4 Bf5
15. Qe2 e5 16. Rad1 g5 17. Rfe1 g4 18. Nd2 Bxc2 19. Rc1 Bf5 20. Bd3 Bxd3 21.
Qxd3 Bh6 22. Rc4 Bxd2 23. Qxd2 Kh8 24. Rxg4 Rg8 25. Rxg8+ Qxg8 26. Re3 Rf8 27.
Rb3 b6 28. Rc3 Qf7 29. Qc2 Rc8 30. Qe4 Rg8 31. Ra3 a5 32. Rc3 Rg7 33. Rf3 Qg8
34. g3 Rf7 35. Rc3 Qg5 36. Qc2 Qg7 37. Qa4 Qf6 38. Qc2 Qe7 39. Re3 Qd7 40. Rc3
Kg8 41. Qe4 Kf8 42. Qc2 Ke8 43. a3 Kf8 44. Qe4 Kg8 45. Qc2 Qg4 46. Rxc7 Rxc7
47. Qxc7 Qd1+ 48. Kg2 Qxd5+ 49. Kg1 Qd1+ 50. Kg2 Qd5+ 51. Kg1 Qd1+ 1/2-1/2

[Event "Vancouver Open"]
[Site "Chess.com"]
[Date "2020.07.25"]
[Round "?"]
[White "Lu, Ryan"]
[Black "Wang, Felicity"]
[Result "1-0"]
[WhiteElo "1948"]
[BlackElo "1667"]
[PlyCount "129"]
[EventDate "2020.??.??"]

1. e4 e5 2. Nf3 Nc6 3. Bb5 a6 4. Bxc6 dxc6 5. O-O Bg4 6. h3 h5 7. d3 Qf6 8.
Nbd2 Ne7 9. Re1 Ng6 10. d4 Bd6 11. hxg4 hxg4 12. Nh2 Rxh2 13. Kxh2 Qxf2 14. Re2
exd4+ 15. e5 Bxe5+ 16. Kh1 Qh4+ 17. Kg1 O-O-O 18. Rxe5 Nxe5 19. Nf1 g3 20. Qe1
Ng4 21. Qxg3 Qxg3 22. Nxg3 Re8 23. Bf4 c5 24. Rf1 f6 25. Nf5 g6 26. Nh6 Ne3 27.
Re1 f5 28. c3 Re4 29. Bxe3 Rxe3 30. Rxe3 dxe3 31. Kf1 Kd7 32. Ke2 f4 33. Ng4
Ke6 34. Nh2 c4 35. Nf3 c5 36. a4 b5 37. axb5 axb5 38. Ne1 Kf5 39. Kf3 g5 40. g3
g4+ 41. Ke2 Ke4 42. gxf4 g3 43. Ng2 b4 44. f5 Kxf5 45. Kxe3 Ke5 46. Ne1 Kd5 47.
Kf3 Ke5 48. Kxg3 Ke4 49. Kf2 Kd5 50. Ke3 Ke5 51. Nc2 bxc3 52. bxc3 Kd6 53. Na3
Kd5 54. Kf4 Kc6 55. Nxc4 Kb5 56. Nd6+ Ka4 57. c4 Ka5 58. Ke5 Ka6 59. Kd5 Kb6
60. Ne4 Kc7 61. Kxc5 Kd7 62. Kb6 Kc8 63. Kc6 Kb8 64. Kd7 Kb7 65. c5 1-0

[Event "Vancouver Open"]
[Site "Chess.com"]
[Date "2020.07.25"]
[Round "?"]
[White "Lu, Yiding"]
[Black "Lu, Ryan"]
[Result "1/2-1/2"]
[WhiteElo "1666"]
[BlackElo "1948"]
[PlyCount "58"]
[EventDate "2020.??.??"]

1. e4 c6 2. d4 d5 3. Nc3 dxe4 4. Nxe4 Bf5 5. Ng3 Bg6 6. h4 h6 7. Nf3 Nd7 8. h5
Bh7 9. Bd3 Bxd3 10. Qxd3 e6 11. Bd2 Ngf6 12. O-O-O Be7 13. Kb1 O-O 14. Ne4 Nxe4
15. Qxe4 Nf6 16. Qe2 Qb6 17. g4 Ba3 18. b3 Bb4 19. g5 Bxd2 20. Qxd2 hxg5 21.
Qxg5 Qb5 22. Rdg1 Qxg5 23. Rxg5 Kh7 24. Rhg1 Ne8 25. c4 f6 26. R5g2 Rd8 27. Kc2
Rf7 28. Re1 Re7 29. Nh4 Red7 1/2-1/2

[Event "Vancouver Open"]
[Site "Chess.com"]
[Date "2020.07.25"]
[Round "?"]
[White "Ma, Lucas"]
[Black "Martin, Andrew"]
[Result "0-1"]
[WhiteElo "1089"]
[BlackElo "1542"]
[PlyCount "59"]
[EventDate "2020.??.??"]

1. e4 c5 2. Nf3 d6 3. d4 cxd4 4. Nxd4 Bd7 5. Be3 Nc6 6. Nc3 a6 7. Be2 e6 8. O-O
Nf6 9. Qd2 Be7 10. a4 Qc7 11. Nb3 Ne5 12. f4 Nc4 13. Bxc4 Qxc4 14. Qd4 Qc7 15.
Rad1 Rd8 16. Qb6 Qc8 17. e5 dxe5 18. fxe5 Ng4 19. Bf4 h5 20. Rd2 Bc6 21. Rfd1
g5 22. Bg3 Rxd2 23. Rxd2 h4 24. Bf2 h3 25. g3 Nxe5 26. Bd4 Nf3+ 27. Kf2 Rh7 28.
Rd3 Nxh2 29. Kg1 Nf3+ 30. Kh1 0-1

[Event "Vancouver Open"]
[Site "Chess.com"]
[Date "2020.07.25"]
[Round "?"]
[White "Ma, Lucas"]
[Black "Gin, Noah"]
[Result "0-1"]
[WhiteElo "1089"]
[BlackElo "1475"]
[PlyCount "84"]
[EventDate "2020.??.??"]

1. e4 e6 2. d4 d5 3. exd5 exd5 4. Nf3 Nf6 5. Be2 Bd6 6. h3 Bf5 7. Be3 Nc6 8.
Nbd2 Nb4 9. Rc1 Nxa2 10. Ra1 Nb4 11. Rc1 Qd7 12. c4 c6 13. Qb3 a5 14. Nb1 b6
15. Nc3 O-O 16. h4 Rfb8 17. Qd1 dxc4 18. Bxc4 b5 19. Be2 Nbd5 20. Nxd5 Nxd5 21.
O-O a4 22. Bd3 a3 23. bxa3 Bxd3 24. Qxd3 Bxa3 25. Ra1 b4 26. Rfb1 Qb7 27. Bc1
Bxc1 28. Rxc1 g6 29. Qb3 Ra6 30. Rxa6 Qxa6 31. Rb1 Qb6 32. Qb2 f6 33. Nd2 Nc3
34. Re1 Qxd4 35. Rd1 Ne2+ 36. Kf1 Qxb2 37. Kxe2 Qc2 38. Rb1 Rd8 39. Rd1 b3 40.
Ke1 Re8+ 41. Ne4 Rxe4+ 42. Kf1 Qxd1# 0-1

[Event "Vancouver Open"]
[Site "Chess.com"]
[Date "2020.07.25"]
[Round "?"]
[White "Malakar, Saarthak"]
[Black "Smith, Catherine"]
[Result "1/2-1/2"]
[WhiteElo "1270"]
[BlackElo "1522"]
[PlyCount "103"]
[EventDate "2020.??.??"]

1. b3 e5 2. Bb2 d6 3. e3 Nf6 4. c4 Be7 5. Nf3 Bg4 6. Be2 Nc6 7. d4 exd4 8. Nxd4
Bxe2 9. Qxe2 Qd7 10. Nc3 O-O 11. O-O Rfe8 12. Qf3 Nxd4 13. exd4 c6 14. Rfe1 Qg4
15. Qxg4 Nxg4 16. h3 Nh6 17. Re2 Bf6 18. Ne4 Be7 19. Ba3 Nf5 20. Rd1 d5 21.
Bxe7 Rxe7 22. g4 Rae8 23. gxf5 Rxe4 24. Rc2 Re1+ 25. Rxe1 Rxe1+ 26. Kg2 dxc4
27. Rxc4 Kf8 28. Rb4 Re7 29. Kf3 Ke8 30. Kf4 Kd8 31. a4 Kc7 32. a5 Kd6 33. f6
gxf6 34. Kf5 c5 35. dxc5+ Kxc5 36. Rc4+ Kb5 37. Kxf6 Rd7 38. Rh4 Rd3 39. Rxh7
Rf3+ 40. Ke7 Rxf2 41. Rxf7 Rh2 42. Rf3 Kxa5 43. Kf6 Kb4 44. Kg5 a5 45. h4 b5
46. h5 a4 47. bxa4 bxa4 48. h6 a3 49. Rxa3 Kxa3 50. Kg6 Rg2+ 51. Kf7 Kb4 52. h7
1/2-1/2

[Event "Vancouver Open"]
[Site "Chess.com"]
[Date "2020.07.25"]
[Round "?"]
[White "Malakar, Saarthak"]
[Black "Kaur, Jind"]
[Result "1-0"]
[WhiteElo "1270"]
[BlackElo "1336"]
[PlyCount "117"]
[EventDate "2020.??.??"]

1. b3 g6 2. Bb2 Nf6 3. e3 Bg7 4. d4 O-O 5. c4 e6 6. Nf3 d5 7. Be2 Nc6 8. Nbd2
Bd7 9. Ne5 Nxe5 10. dxe5 Ne4 11. O-O Nxd2 12. Qxd2 dxc4 13. Bxc4 Bc6 14. Qxd8
Raxd8 15. Rfd1 Bd5 16. Bxd5 Rxd5 17. Rxd5 exd5 18. f4 c6 19. Rf1 Re8 20. g4 Re7
21. h4 Kh8 22. Kf2 Re6 23. f5 gxf5 24. gxf5 Re8 25. f6 Bh6 26. Kf3 Bf8 27. Rd1
Bc5 28. e4 Rd8 29. Bd4 Bxd4 30. Rxd4 h6 31. h5 Kg8 32. exd5 cxd5 33. Kf4 Kf8
34. Kf5 Ke8 35. e6 fxe6+ 36. Kxe6 Kf8 37. Rxd5 Re8+ 38. Kf5 b6 39. Kg6 Re6 40.
Rd8+ Re8 41. Rxe8+ Kxe8 42. Kg7 a5 43. f7+ Ke7 44. f8=Q+ Ke6 45. Qf4 Kd5 46.
Kxh6 Ke6 47. Qb8 Kd5 48. Qxb6 Ke5 49. Qxa5+ Kd4 50. Qb5 Ke3 51. Qc4 Kf3 52. Qd4
Kg2 53. Qe3 Kf1 54. Qd2 Kg1 55. Qe2 Kh1 56. Kg5 Kg1 57. Kg4 Kh1 58. Kg3 Kg1 59.
Qe1# 1-0

[Event "Vancouver Open"]
[Site "Chess.com"]
[Date "2020.07.26"]
[Round "?"]
[White "Malakar, Saarthak"]
[Black "Rodriguez, Odysseus"]
[Result "1-0"]
[WhiteElo "1270"]
[BlackElo "1499"]
[PlyCount "109"]
[EventDate "2020.??.??"]

1. b3 d5 2. Bb2 Nf6 3. e3 Bf5 4. c4 c6 5. d4 Bxb1 6. Rxb1 Qa5+ 7. Qd2 Qxd2+ 8.
Kxd2 Ne4+ 9. Ke1 e6 10. a3 f5 11. Nf3 Bd6 12. Ne5 O-O 13. f4 Rc8 14. Bd3 Rc7
15. Bxe4 fxe4 16. g4 g6 17. h4 Na6 18. Ke2 Rf8 19. h5 gxh5 20. Rxh5 Rg7 21. Rg1
Nc7 22. g5 Bxe5 23. dxe5 Rg6 24. Rh6 Rf7 25. Bd4 b6 26. a4 dxc4 27. bxc4 c5 28.
Bc3 Rd7 29. Rgh1 Rxh6 30. gxh6 Kf7 31. Rg1 Ne8 32. a5 Rd3 33. Bd2 bxa5 34. Bxa5
Ra3 35. Bd2 Ra2 36. Rb1 Kg6 37. Rb8 Nc7 38. Rb7 Na8 39. Re7 Ra6 40. Re8 Nc7 41.
Rc8 Rc6 42. Ba5 Kxh6 43. Rxc7 Ra6 44. Rxc5 Kg6 45. Kf2 Kh5 46. Kg3 Kh6 47. Rb5
Rc6 48. c5 Kg6 49. Bb4 Ra6 50. Ra5 Rxa5 51. Bxa5 Kf7 52. Kh4 Ke7 53. c6 Ke8 54.
Kh5 Ke7 55. Kh6 1-0

[Event "Vancouver Open"]
[Site "Chess.com"]
[Date "2020.07.26"]
[Round "?"]
[White "Martin, Andrew"]
[Black "Wang, Ted"]
[Result "1-0"]
[WhiteElo "1542"]
[BlackElo "779"]
[PlyCount "44"]
[EventDate "2020.??.??"]

1. e4 c5 2. d4 cxd4 3. c3 dxc3 4. Nxc3 e6 5. a3 Nc6 6. Nf3 Bc5 7. Bc4 Nge7 8.
Bf4 O-O 9. Rc1 Ng6 10. Bg3 d5 11. exd5 exd5 12. Nxd5 Re8+ 13. Be2 Bg4 14. Rxc5
Bxf3 15. gxf3 Nce5 16. O-O Rc8 17. Rxc8 Qxc8 18. Ne3 Qh3 19. f4 Nc6 20. Bg4 Qh6
21. Nf5 Rd8 22. Nxh6+ gxh6 1-0

[Event "Vancouver Open"]
[Site "Chess.com"]
[Date "2020.07.25"]
[Round "?"]
[White "Martin, Andrew"]
[Black "Kona, Vidip"]
[Result "0-1"]
[WhiteElo "1542"]
[BlackElo "1261"]
[PlyCount "76"]
[EventDate "2020.??.??"]

1. e4 c5 2. d4 cxd4 3. c3 dxc3 4. Nxc3 d6 5. Bc4 e6 6. Qe2 Nf6 7. Nf3 Be7 8.
O-O O-O 9. Rd1 Nbd7 10. Bf4 e5 11. Nxe5 dxe5 12. Bxe5 Qe8 13. Bg3 Nb6 14. Bb3
Bg4 15. f3 Bc5+ 16. Kh1 Be6 17. Nb5 Bxb3 18. axb3 Qe7 19. Rac1 a6 20. Nd6 Bb4
21. Qe3 Nc8 22. Nf5 Qe6 23. Qg5 g6 24. Be5 Ng4 25. Bd4 Ne5 26. Qg3 f6 27. Rc7
Nf7 28. Rxb7 Bd6 29. Qg4 Re8 30. Bc3 Rb8 31. Rxb8 Bxb8 32. Nd4 Qxg4 33. fxg4
Rxe4 34. h3 Be5 35. Nc6 Bxc3 36. bxc3 Ne7 37. Nxe7+ Rxe7 38. Rd6 Nxd6 0-1

[Event "Vancouver Open"]
[Site "Chess.com"]
[Date "2020.07.26"]
[Round "?"]
[White "Martinez Alcantara, Jose"]
[Black "Mundayat, Abinav"]
[Result "1-0"]
[WhiteElo "2692"]
[BlackElo "2091"]
[PlyCount "59"]
[EventDate "2020.??.??"]

1. e4 c5 2. Nf3 Nc6 3. d4 cxd4 4. Nxd4 e5 5. Nb5 d6 6. N1c3 a6 7. Na3 b5 8. Nd5
Nge7 9. c4 Nd4 10. cxb5 Nxd5 11. exd5 Bd7 12. Bd3 axb5 13. O-O Be7 14. Be3 Qb6
15. Bxd4 Qxd4 16. Bxb5 Qxd1 17. Rfxd1 Bxb5 18. Nxb5 Kd7 19. a4 Bf6 20. Rac1
Rhc8 21. b3 Bg5 22. Rc6 Rxc6 23. dxc6+ Kxc6 24. Rxd6+ Kc5 25. g3 Rd8 26. h4 Bf6
27. Ra6 Rd1+ 28. Kg2 Rb1 29. Nc3 Kd4 30. Nxb1 1-0

[Event "Vancouver Open"]
[Site "Chess.com"]
[Date "2020.07.25"]
[Round "?"]
[White "Martinez Alcantara, Jose"]
[Black "Beck, Alec"]
[Result "1-0"]
[WhiteElo "2692"]
[BlackElo "1942"]
[PlyCount "113"]
[EventDate "2020.??.??"]

1. e4 c5 2. Nf3 e6 3. d4 cxd4 4. Nxd4 Nf6 5. Nc3 Nc6 6. Ndb5 Bb4 7. a3 Bxc3+ 8.
Nxc3 d5 9. exd5 exd5 10. Bd3 O-O 11. O-O Bg4 12. Ne2 Re8 13. f3 Bh5 14. Kh1 Bg6
15. Bg5 Bxd3 16. Qxd3 h6 17. Bxf6 Qxf6 18. Nc3 d4 19. Ne4 Qg6 20. Rae1 Rad8 21.
f4 Ne7 22. Nc5 Qxd3 23. cxd3 Nd5 24. g3 Ne3 25. Rf2 Rd5 26. Nb3 Re6 27. Rd2 Kh7
28. Kg1 Kg6 29. Rf2 Kf6 30. Nd2 Ke7 31. Nf3 Kd6 32. Rfe2 Kc5 33. Nd2 Kb5 34.
Nf3 Ka4 35. Nxd4 Rxd4 36. Rxe3 Red6 37. Re4 Kb3 38. Rxd4 Rxd4 39. Re7 Kxb2 40.
Rxb7+ Kxa3 41. Rxa7+ Kb2 42. Rxf7 g5 43. fxg5 hxg5 44. Rf5 g4 45. Rf4 Rxd3 46.
Rxg4 Rd1+ 47. Kg2 Rd2+ 48. Kh3 Kc3 49. Rg7 Rf2 50. g4 Kd4 51. Kg3 Rf1 52. Re7
Rg1+ 53. Kh4 Rg2 54. h3 Kd5 55. g5 Kd6 56. Re3 Kd7 57. Kh5 1-0

[Event "Vancouver Open"]
[Site "Chess.com"]
[Date "2020.07.25"]
[Round "?"]
[White "McClain, Jack"]
[Black "Shubin, Daniel"]
[Result "1/2-1/2"]
[WhiteElo "1783"]
[BlackElo "2161"]
[PlyCount "72"]
[EventDate "2020.??.??"]

1. e4 e6 2. Nf3 d5 3. exd5 exd5 4. d4 Bd6 5. c4 Nf6 6. Bd3 dxc4 7. Bxc4 O-O 8.
Be3 Nc6 9. h3 Bf5 10. O-O a6 11. Nc3 Ne7 12. Re1 b5 13. Bd3 Bxd3 14. Qxd3 Nfd5
15. Ne4 f5 16. Neg5 Rf6 17. Ne5 c5 18. Ngf7 c4 19. Qe2 Rxf7 20. Nxf7 Kxf7 21.
Bg5 Qd7 22. Qf3 Re8 23. Re2 Kg6 24. Bxe7 Rxe7 25. Rae1 Rxe2 26. Qxe2 Nf6 27.
Qe6 Qd8 28. g4 fxg4 29. hxg4 Bb4 30. Qf5+ Kf7 31. Qe6+ Kf8 32. Re5 Qxd4 33.
Qc8+ Kf7 34. Qe6+ Kf8 35. Qc8+ Kf7 36. Qe6+ Kf8 1/2-1/2

[Event "Vancouver Open"]
[Site "Chess.com"]
[Date "2020.07.26"]
[Round "?"]
[White "McClain, Jack"]
[Black "Lu, Ryan"]
[Result "1/2-1/2"]
[WhiteElo "1783"]
[BlackElo "1948"]
[PlyCount "107"]
[EventDate "2020.??.??"]

1. e4 c6 2. d4 d5 3. Nc3 dxe4 4. Nxe4 Bf5 5. Ng3 Bg6 6. h4 h6 7. Nf3 Nd7 8. Bd3
Bxd3 9. Qxd3 e6 10. Bd2 Ngf6 11. O-O-O Be7 12. Ne4 Nxe4 13. Qxe4 Nf6 14. Qd3
O-O 15. Ne5 Qd5 16. c4 Qe4 17. Qg3 Qh7 18. f3 Rac8 19. Qh3 b5 20. g4 Bd6 21. g5
Bxe5 22. dxe5 Nd7 23. gxh6 Nxe5 24. Bf4 Nd3+ 25. Rxd3 Qxd3 26. Qg4 Qxc4+ 27.
Kb1 Qd3+ 28. Ka1 Qg6 29. hxg7 Kxg7 30. Qh3 Rh8 31. h5 Qf5 32. Qg3+ Kh7 33. Qh2
Rhg8 34. Re1 Rg7 35. Be5 Rg5 36. h6 Rd8 37. f4 Rg4 38. Qf2 f6 39. Qxa7+ Kh8 40.
Qe7 fxe5 41. Qxd8+ Rg8 42. Qd6 exf4 43. Qd4+ e5 44. Rxe5 Qf6 45. h7 Rf8 46. Qc3
Qg7 47. Qe1 f3 48. Re8 f2 49. Rxf8+ Qxf8 50. Qe5+ Kxh7 51. Qh5+ Qh6 52. Qf7+
Kh8 53. Qe8+ Kg7 54. Qd7+ 1/2-1/2

[Event "Vancouver Open"]
[Site "Chess.com"]
[Date "2020.07.25"]
[Round "?"]
[White "McClain, Jack"]
[Black "Martinez Alcantara, Jose"]
[Result "0-1"]
[WhiteElo "1783"]
[BlackElo "2692"]
[PlyCount "48"]
[EventDate "2020.??.??"]

1. e4 c5 2. Nf3 d6 3. d4 cxd4 4. Nxd4 Nf6 5. f3 e6 6. c4 Be7 7. Nc3 O-O 8. Be3
b6 9. Qd2 Bb7 10. g4 Nc6 11. h4 Rc8 12. Nxc6 Bxc6 13. Rd1 Qc7 14. Bg2 Rfd8 15.
Qf2 Bb7 16. Bf1 Ba6 17. Nb5 Bxb5 18. cxb5 d5 19. Bd3 dxe4 20. Bxe4 Rxd1+ 21.
Kxd1 Nxe4 22. fxe4 Qc4 23. Rf1 f6 24. Bd2 Qc2+ 0-1

[Event "Vancouver Open"]
[Site "Chess.com"]
[Date "2020.07.26"]
[Round "?"]
[White "McConnell, Griffin"]
[Black "Guha, Eshan"]
[Result "0-1"]
[WhiteElo "2051"]
[BlackElo "2129"]
[PlyCount "100"]
[EventDate "2020.??.??"]

1. e4 c5 2. Nc3 Nc6 3. f4 g6 4. Nf3 Bg7 5. Bb5 Nd4 6. O-O a6 7. Bd3 d6 8. Nxd4
cxd4 9. Ne2 Nf6 10. b3 O-O 11. Ng3 b5 12. Qe2 Nd7 13. Bb2 Nc5 14. Rae1 Bb7 15.
c3 dxc3 16. Bxc3 Qb6 17. Qe3 Bxc3 18. dxc3 Nd7 19. Qxb6 Nxb6 20. Rc1 Rfc8 21.
Rc2 Rc7 22. Rfc1 Rac8 23. Kf2 Nd7 24. c4 Nc5 25. Ke3 b4 26. Be2 a5 27. Rb1 Ra8
28. Bf3 a4 29. bxa4 Rxa4 30. Rcb2 Ra3+ 31. Kd2 Nd3 32. Rb3 Nxf4 33. Rxa3 bxa3
34. Rb4 Bc6 35. Kc3 Ne6 36. Rb3 Ra7 37. Rb6 Bd7 38. Ne2 Nc5 39. Rb1 Na4+ 40.
Kc2 Nb2 41. Kc3 Be6 42. Nd4 Bxc4 43. Ra1 Rc7 44. Nb3 Be6+ 45. Kb4 Nd3+ 46. Kb5
Rb7+ 47. Ka4 Bd7+ 48. Ka5 Rb5+ 49. Ka6 Nb4+ 50. Ka7 Bc6 0-1

[Event "Vancouver Open"]
[Site "Chess.com"]
[Date "2020.07.25"]
[Round "?"]
[White "McConnell, Griffin"]
[Black "Yang, Jingran"]
[Result "1/2-1/2"]
[WhiteElo "2051"]
[BlackElo "1198"]
[PlyCount "52"]
[EventDate "2020.??.??"]

1. e4 e5 2. Nf3 Nc6 3. Bb5 a6 4. Ba4 Nf6 5. d3 Bc5 6. c3 b5 7. Bc2 h6 8. O-O
O-O 9. Nxe5 Nxe5 10. d4 Bd6 11. f4 Nc4 12. e5 Bb7 13. exf6 Qxf6 14. b3 Nb6 15.
Qd3 g6 16. c4 bxc4 17. bxc4 Rae8 18. Nc3 Bb4 19. Bb2 Bxc3 20. Qxc3 Re2 21. Rf2
Rxf2 22. Kxf2 Qxf4+ 23. Kg1 Qg4 24. d5 f6 25. Rf1 Nxc4 26. h3 Qh4 1/2-1/2

[Event "Vancouver Open"]
[Site "Chess.com"]
[Date "2020.07.25"]
[Round "?"]
[White "McConnell, Sullivan"]
[Black "Chen, Minda"]
[Result "1-0"]
[WhiteElo "2224"]
[BlackElo "1966"]
[PlyCount "99"]
[EventDate "2020.??.??"]

1. e4 c5 2. Nc3 Nc6 3. f4 g6 4. Nf3 Bg7 5. Bb5 Nd4 6. O-O Nxb5 7. Nxb5 d5 8. d3
Nf6 9. Nc3 d4 10. Ne2 O-O 11. h3 b6 12. Qe1 Bb7 13. Qh4 Rc8 14. f5 Re8 15. Bh6
Bh8 16. Ng5 Qd6 17. Rae1 e5 18. fxe6 fxe6 19. Ng3 e5 20. Rf3 c4 21. Ref1 Rc7
22. dxc4 Ba6 23. b3 Qe7 24. a4 Bc8 25. Kh2 a6 26. R1f2 Bd7 27. Kg1 Bc8 28. Nf1
Bd7 29. Ng3 Bc8 30. Ne2 Rd7 31. Nc1 Bb7 32. Nd3 Rdd8 33. Re2 Rc8 34. Rf1 Bc6
35. Kh2 Bb7 36. Qe1 Rc7 37. a5 b5 38. c5 Qd7 39. b4 Qc8 40. Qh4 Qd8 41. Ref2
Rd7 42. Qg3 Qe7 43. Qf3 Bc6 44. g3 Rc7 45. Qe2 Rd7 46. Rf3 Rdd8 47. Qf2 Nxe4
48. Nxe4 Bxe4 49. Rf7 Bxd3 50. cxd3 1-0

[Event "Vancouver Open"]
[Site "Chess.com"]
[Date "2020.07.26"]
[Round "?"]
[White "Miller, Jack"]
[Black "Martin, Andrew"]
[Result "0-1"]
[WhiteElo "1186"]
[BlackElo "1542"]
[PlyCount "96"]
[EventDate "2020.??.??"]

1. d4 d5 2. c4 e6 3. Nc3 Nf6 4. Bg5 Be7 5. Nf3 a6 6. e3 dxc4 7. Bxc4 b5 8. Bd3
Bb7 9. O-O Nbd7 10. Rc1 Rc8 11. Re1 c5 12. Re2 c4 13. Bc2 Bxf3 14. gxf3 Nd5 15.
Bxe7 Nxc3 16. Bxd8 Nxd1 17. Rxd1 Rxd8 18. d5 exd5 19. Rxd5 Nf6 20. Rxd8+ Kxd8
21. Rd2+ Kc7 22. Kg2 h6 23. Kg3 a5 24. Kf4 Rb8 25. Bf5 Kc6 26. Ke5 Kc5 27. e4
Re8+ 28. Kf4 b4 29. Ke3 a4 30. Bd7 Ra8 31. e5 Nd5+ 32. Ke2 c3 33. bxc3 bxc3 34.
Rc2 Kc4 35. Bc6 Nf4+ 36. Ke3 Ng2+ 37. Ke4 Ra5 38. f4 Ne1 39. Rc1 Nd3 40. Rc2
Nb4 41. Rc1 Nxc6 42. f3 Nb4 43. a3 Nd3 44. Rc2 Nc5+ 45. Ke3 Kb3 46. Rc1 Kb2 47.
Rg1 c2 48. Kd2 Nb3+ 0-1

[Event "Vancouver Open"]
[Site "Chess.com"]
[Date "2020.07.25"]
[Round "?"]
[White "Miller, Jack"]
[Black "Chen, Angela"]
[Result "0-1"]
[WhiteElo "1186"]
[BlackElo "1421"]
[PlyCount "154"]
[EventDate "2020.??.??"]

1. d4 d5 2. c4 e6 3. Nc3 Nf6 4. Bg5 Be7 5. Nf3 h6 6. Bh4 c6 7. e3 Nbd7 8. Bd3
dxc4 9. Bxc4 O-O 10. O-O b6 11. Rc1 Bb7 12. Re1 Rc8 13. e4 c5 14. d5 exd5 15.
exd5 Bd6 16. Rc2 a6 17. a4 Re8 18. Rce2 Rxe2 19. Rxe2 Qc7 20. Bg3 Bxg3 21. hxg3
Re8 22. Qd3 Ra8 23. Re7 Qd6 24. Re3 Ng4 25. Re4 Nde5 26. Nxe5 Nxe5 27. Qe2 Nxc4
28. Qxc4 Rd8 29. Kf1 Bxd5 30. Nxd5 Qxd5 31. Re8+ Kh7 32. Qxd5 Rxd5 33. Rb8 Rd6
34. Rb7 Kg6 35. Ke2 f5 36. Re7 Kf6 37. Re3 b5 38. axb5 axb5 39. Rf3 g5 40. g4
f4 41. g3 Rd4 42. gxf4 Rxf4 43. Rc3 c4 44. f3 Kg6 45. Kf2 h5 46. gxh5+ Kxh5 47.
Kg2 Rd4 48. Rc2 Kh4 49. Kh2 Rf4 50. Kg2 Rd4 51. Kh2 Rd3 52. Kg2 Kh5 53. Kf2 Kg6
54. Re2 Kf5 55. Kg2 Kf4 56. Re4+ Kf5 57. Re2 b4 58. Rf2 c3 59. Kg3 Rd2 60. Rf1
Rxb2 61. Rd1 Rd2 62. Ra1 c2 63. Ra5+ Kf6 64. Ra6+ Ke5 65. Ra5+ Rd5 66. Ra1 b3
67. Re1+ Kd6 68. f4 gxf4+ 69. Kxf4 b2 70. Kg4 c1=Q 71. Re2 Qd1 72. Kf3 Rf5+ 73.
Ke3 Re5+ 74. Kf4 Qxe2 75. Kg3 b1=Q 76. Kf4 Rf5+ 77. Kg3 Qg1+ 0-1

[Event "Vancouver Open"]
[Site "Chess.com"]
[Date "2020.07.25"]
[Round "?"]
[White "Miller, Jack"]
[Black "Fowler, James"]
[Result "1-0"]
[WhiteElo "1186"]
[BlackElo "1622"]
[PlyCount "35"]
[EventDate "2020.??.??"]

1. d4 e6 2. c4 b6 3. Nc3 Bb7 4. e4 Bb4 5. d5 exd5 6. cxd5 f5 7. exf5 Nf6 8. Bg5
O-O 9. Bc4 Re8+ 10. Nge2 d6 11. O-O Nbd7 12. Nf4 Bxc3 13. bxc3 Ne5 14. Bb3 Bc8
15. Ne6 Bxe6 16. dxe6 Qe7 17. f4 Nc6 18. Ba4 1-0

[Event "Vancouver Open"]
[Site "Chess.com"]
[Date "2020.07.26"]
[Round "?"]
[White "Moore, Michael"]
[Black "Devadithya, Lavindu"]
[Result "1-0"]
[WhiteElo "1950"]
[BlackElo "1535"]
[PlyCount "51"]
[EventDate "2020.??.??"]

1. d4 d5 2. c4 c6 3. Nc3 Nf6 4. e3 e6 5. Nf3 Be7 6. g4 Nxg4 7. Rg1 e5 8. dxe5
Bh4 9. Nxh4 Qxh4 10. Qe2 Nxe5 11. cxd5 Bg4 12. Rxg4 Nxg4 13. h3 Nf6 14. Bd2 O-O
15. Bg2 cxd5 16. Nxd5 Nc6 17. O-O-O Rac8 18. Kb1 Nxd5 19. Bxd5 Qxh3 20. Rh1
Qf5+ 21. e4 Qg6 22. f4 Rfd8 23. f5 Qf6 24. Qh5 Kf8 25. Bg5 g6 26. Qxh7 1-0